| 000 | 00934nam a2200241 a 4500 | ||
|---|---|---|---|
| 001 | 40162 | ||
| 003 | BD-RjUL | ||
| 005 | 20211209053141.0 | ||
| 008 | 160423s1990 bg ||||| |||| 00| 0 ben d | ||
| 020 | _c: TK 70.00 | ||
| 035 | _a(BD-RjUL)40277 | ||
| 040 |
_aBD-RjUL _bben _cBD-RjUL |
||
| 041 | _aben | ||
| 082 |
_223 _a100 _bRAA 1990 |
||
| 100 |
_aরাসেল, বার্টান্ড _9123654 |
||
| 245 | 1 | 0 |
_aআমার দার্শনিক চিন্তার ক্রমবিকাশ / _cবার্টান্ড রাসেল ; রশীদুল আলম অনুবাদ |
| 260 |
_aঢাকা : _bবাংলা একাডেমী, _c১৯৯০ |
||
| 300 |
_a[১০], ২৫০ পৃ. ; _c২১ সেমি |
||
| 650 |
_aদর্শন _9123655 |
||
| 650 |
_aPhilosophy _9123656 |
||
| 700 |
_aআলম, রশীদুল, অনুবাদ _9123657 |
||
| 942 |
_2ddc _cBK |
||
| 999 |
_c40162 _d40162 |
||